Central Library OPAC University of Rajshahi

সরকারী অনুমোদন প্রাপ্ত মহানগরী পুলিশ অধ্যাদেশ : (Record no. 47842)

MARC details
000 -LEADER
fixed length control field 01040nam a2200241 a 4500
001 - CONTROL NUMBER
control field 47842
003 - CONTROL NUMBER IDENTIFIER
rucl marc code BD-RjUL
005 - DATE AND TIME OF LATEST TRANSACTION
control field 20211209054414.0
008 - FIXED-LENGTH DATA ELEMENTS--GENERAL INFORMATION
fixed length control field 160810s2004 bg ||||| |||| 00| 0 ben d
020 ## - INTERNATIONAL STANDARD BOOK NUMBER
International Standard Book Number 9848430237
Terms of availability : Tk.190.00
035 ## - SYSTEM CONTROL NUMBER
System control number (BD-RjUL)47961
040 ## - CATALOGING SOURCE
Original cataloging agency BD-RjUL
Language of cataloging ben
Transcribing agency BD-RjUL
Modifying agency BD-RjUL
041 ## - LANGUAGE CODE
Language code of text/sound track or separate title ben
082 ## - DEWEY DECIMAL CLASSIFICATION NUMBER
Edition number 23
Classification number 344.052
Author mark and year MIS 2004
100 1# - MAIN ENTRY--PERSONAL NAME
Personal name মিয়া, ছিদ্দিকুর রহমান
9 (RLIN) 145244
245 10 - TITLE STATEMENT
Title সরকারী অনুমোদন প্রাপ্ত মহানগরী পুলিশ অধ্যাদেশ :
Remainder of title [সর্বশেষ সংশোধনীসহ] /
Statement of responsibility, etc. ছিদ্দিকুর রহমান মিয়া
250 ## - EDITION STATEMENT
Edition statement ২য় সং.
260 ## - PUBLICATION, DISTRIBUTION, ETC. (IMPRINT)
Place of publication, distribution, etc. ঢাকা :
Name of publisher, distributor, etc. কামরুল বুক হাউস,
Date of publication, distribution, etc. ২০০৪.
300 ## - PHYSICAL DESCRIPTION
Pagination [৩১], ১৭৬ পৃ. :
Illustrations চিত্র ;
Size ২২ সেমি.
650 ## - SUBJECT ADDED ENTRY--TOPICAL TERM
Topical term or geographic name as entry element পুলিশ সেবা
9 (RLIN) 145245
General subdivision আইন
Topical term or geographic name as entry element Police Service
9 (RLIN) 144274
General subdivision Law
942 ## - ADDED ENTRY ELEMENTS (KOHA)
Source of classification or shelving scheme Dewey Decimal Classification
Koha item type Books
Holdings
Lost status Source of classification or shelving scheme Damaged status Not for loan Collection code Permanent Location Current Location Shelving location Date acquired Source of acquisition Cost, normal purchase price Total Checkouts Full call number Date last seen Copy number Koha item type
  Dewey Decimal Classification     Non-fiction Central Library, University of Rajshahi Central Library, University of Rajshahi   27/11/2004 Kamrul book house.Dhaka. 190.00   B 344.052 MIS 2004 10/08/2016 C-2 Books
  Dewey Decimal Classification     Non-fiction Central Library, University of Rajshahi Central Library, University of Rajshahi   27/11/2004 Kamrul book house.Dhaka. 190.00   B 344.052 MIS 2004 10/08/2016 C-3 Books
  Dewey Decimal Classification     Non-fiction Central Library, University of Rajshahi Central Library, University of Rajshahi   27/11/2004 Kamrul book house.Dhaka. 190.00   B 344.052 MIS 2004 13/11/2016 C-4 Books
  Dewey Decimal Classification     Non-fiction Central Library, University of Rajshahi Central Library, University of Rajshahi   27/11/2008 Kamrul book house, Dhaka. 190.00   B 344.052 MIS 2004 14/11/2016 C-5 Books
  Dewey Decimal Classification   Not For Loan Non-fiction Central Library, University of Rajshahi Central Library, University of Rajshahi Reading Room 27/11/2004 Dhaka, Kamrul Book House 190.00   B 344.052 MIS 2004 14/01/2020 C-1 Books